000 00465nam a2200181Ia 4500
005 20250508152215.0
008 008 250505s9999 xx 000 0 eng d
037 _aTextual
040 _aFEDL
_beng
_cFEDL
041 _aeng
_2eng
084 _a843.91, CAM
_qFEDL
100 _aCamus Albert
245 0 _aFall
260 _aLondon, UK
_bHamish Hamilton Ltd.
_c1957
300 _a107p.
942 _cTEXL
_h843.91, CAM
999 _c1334965
_d1334965